| Tag |
First Indicator |
Second Indicator |
Subfields |
| LEADER |
00000cam a2200000 a 4500 |
| 001 |
in00001825621 |
| 005 |
20151026054209.0 |
| 008 |
031229s2004 nyuaf 001 0aeng |
| 010 |
|
|
|a 2003070719
|
| 020 |
|
|
|a 0670033057 (alk. paper)
|
| 035 |
|
|
|a (OCoLC)ocm53987045
|
| 040 |
|
|
|a DLC
|c DLC
|d UtOrBLW
|
| 043 |
|
|
|a n-us---
|
| 049 |
|
|
|a TXAM
|
| 050 |
0 |
0 |
|a E840.8.H835
|b A3 2004
|
| 082 |
0 |
0 |
|a 973.931/092
|a B
|2 22
|
| 100 |
1 |
|
|a Hughes, Karen.
|
| 245 |
1 |
0 |
|a Ten minutes from normal /
|c Karen Hughes.
|
| 264 |
|
1 |
|a New York :
|b Viking,
|c 2004.
|
| 300 |
|
|
|a xvii, 346 pages, 16 unnumbered pages of plates :
|b illustrations ;
|c 24 cm.
|
| 336 |
|
|
|a text
|b txt
|2 rdacontent
|
| 337 |
|
|
|a unmediated
|b n
|2 rdamedia
|
| 338 |
|
|
|a volume
|b nc
|2 rdacarrier
|
| 500 |
|
|
|a Includes index.
|
| 600 |
1 |
0 |
|a Hughes, Karen.
|
| 650 |
|
0 |
|a Presidents
|z United States
|x Staff
|v Biography.
|
| 650 |
|
0 |
|a Women lawyers
|z United States
|v Biography.
|
| 650 |
|
0 |
|a Political consultants
|z United States
|v Biography.
|
| 600 |
1 |
0 |
|a Bush, George W.
|q (George Walker),
|d 1946-
|x Friends and associates.
|
| 651 |
|
0 |
|a United States
|x Politics and government
|y 2001-2009.
|
| 651 |
|
0 |
|a United States
|x Politics and government
|y 1993-2001.
|
| 650 |
|
0 |
|a Presidents
|z United States
|x Election
|y 2000.
|
| 945 |
|
|
|i PromptCat
|
| 948 |
|
|
|a cataloged
|b h
|c 2004/4/21
|d c
|e dmitchel
|f 2:00:00 pm
|
| 994 |
|
|
|a 92
|b TXA
|
| 999 |
|
|
|a MARS
|
| 999 |
f |
f |
|s c67108ad-58e2-3687-8480-0673e49f4660
|i 8e2b7d5f-9b66-3c71-a630-9d36ab7aff8f
|t 0
|
| 952 |
f |
f |
|p ric
|a Texas A&M University
|b Rellis Campus
|c Joint Library Facility
|d Remote Storage
|t 0
|e E840.8.H835 A3 2004
|h Library of Congress classification
|i unmediated -- volume
|m A14831164177
|
| 998 |
f |
f |
|a E840.8.H835 A3 2004
|t 0
|l Remote Storage
|